[Event "Oakham Young Masters"]
[Site "Oakham"]
[Date "1984.04.12"]
[Round "5.17"]
[White "Lane, Gary William"]
[Black "Ardaman, Miles"]
[Result "1-0"]
[WhiteElo "2310"]
[BlackElo "2240"]
[PlyCount "79"]
[EventDate "1984.04.08"]
[EventType "swiss"]
[EventRounds "9"]
[EventCountry "ENG"]
[SourceTitle "BritBase"]
[Source "John Saunders"]
[SourceDate "2023.08.08"]
[SourceVersion "1"]
[SourceVersionDate "2023.08.08"]
[SourceQuality "1"]

1. e4 d6 2. d4 Nf6 3. Nc3 g6 4. g3 Bg7 5. Bg2 O-O 6. Nge2 Nc6 7. O-O Nd7 8. f4
e5 9. dxe5 dxe5 10. f5 Nd4 11. g4 Qh4 12. g5 c6 13. f6 Bh8 14. Nxd4 exd4 15.
Qxd4 h6 16. Bf4 hxg5 17. Bg3 Qg4 18. Rad1 Re8 19. Bf3 Qh3 20. e5 Nf8 21. Ne4
Qh6 22. Qe3 Bf5 23. Qxg5 Qxg5 24. Nxg5 Bxc2 25. Rd2 Bf5 26. Rfd1 Rac8 27. Rd4
c5 28. Rh4 b5 29. Bd5 Ne6 30. Rxh8+ Kxh8 31. Nxf7+ Kg8 32. Nd6 Kf8 33. Nxf5
gxf5 34. Bxe6 Rxe6 35. Rd7 Kg8 36. Bf4 Rf8 37. Rg7+ Kh8 38. Rxa7 Kg8 39. Rg7+
Kh8 40. Rc7 {source: bulletin} 1-0

[Event "Oakham Young Masters"]
[Site "Oakham"]
[Date "1984.04.12"]
[Round "5.19"]
[White "Conquest, Stuart C"]
[Black "Ebeling, Mika"]
[Result "0-1"]
[WhiteElo "2260"]
[BlackElo "2295"]
[PlyCount "144"]
[EventDate "1984.04.08"]
[EventType "swiss"]
[EventRounds "9"]
[EventCountry "ENG"]
[SourceTitle "BritBase"]
[Source "John Saunders"]
[SourceDate "2023.08.08"]
[SourceVersion "1"]
[SourceVersionDate "2023.08.08"]
[SourceQuality "1"]

1. d4 Nf6 2. c4 g6 3. Nc3 d5 4. Nf3 Bg7 5. cxd5 Nxd5 6. Bd2 O-O 7. Rc1 Nb6 8.
Bg5 c6 9. e3 Be6 10. Be2 N8d7 11. O-O f6 12. Bh4 Bf7 13. Qc2 Qe8 14. Rfd1 e5
15. Ne4 Bd5 16. Nd6 Qb8 17. dxe5 Nxe5 18. Nxe5 Qxd6 19. Nd3 Qe7 20. Nc5 Rfd8
21. b3 Bf7 22. e4 Bh6 23. Rb1 Bf8 24. Nd3 Nd7 25. Nb2 Nc5 26. f3 Ne6 27. Bf2
Qc7 28. g3 b6 29. Qc3 Be7 30. Nc4 c5 31. Bf1 Rxd1 32. Rxd1 Rd8 33. Re1 Nd4 34.
Bh3 Kg7 35. Kg2 Nb5 36. Qc1 Nd4 37. Ne3 Qb7 38. Ng4 g5 39. Ne3 Bg6 40. Nd5 Nc6
41. Qc3 Bf7 42. Kg1 Bxd5 43. exd5 Rxd5 44. f4 h6 45. Qf3 Rd6 46. Bf5 Bf8 47.
fxg5 fxg5 48. g4 Qf7 49. Bg3 Rf6 50. h4 Nd4 51. Qc3 Nxf5 52. gxf5 Kg8 53. hxg5
hxg5 54. Qd3 Rxf5 55. Qe4 Qd5 56. Qe8 Qd4+ 57. Kh2 Qg7 58. Re6 Rf7 59. Qb5 Qh7+
60. Kg1 Qb1+ 61. Be1 Qf5 62. Qe2 Bg7 63. Re8+ Rf8 64. Qc4+ Qf7 65. Rxf8+ Kxf8
66. Qe4 Bd4+ 67. Kg2 Kg7 68. Bg3 Kh6 69. Qf3 Kg7 70. a4 Qxf3+ 71. Kxf3 Kf6 72.
Kg4 Be5 {source: bulletin} 0-1

[Event "Oakham Young Masters"]
[Site "Oakham"]
[Date "1984.04.12"]
[Round "5.20"]
[White "Lalic, Susan Kathryn"]
[Black "Needham, Teresa M"]
[Result "1/2-1/2"]
[WhiteElo "1900"]
[BlackElo "2100"]
[PlyCount "49"]
[EventDate "1984.04.08"]
[EventType "swiss"]
[EventRounds "9"]
[EventCountry "ENG"]
[SourceTitle "BritBase"]
[Source "John Saunders"]
[SourceDate "2023.08.08"]
[SourceVersion "1"]
[SourceVersionDate "2023.08.08"]
[SourceQuality "1"]

1. e4 c5 2. c3 g6 3. d4 cxd4 4. cxd4 Bg7 5. Nc3 d6 6. Bc4 Nc6 7. Nge2 Nf6 8. f3
Bd7 9. Be3 O-O 10. O-O Rc8 11. Qd2 e6 12. Bd3 Re8 13. Rac1 a6 14. Kh1 Na5 15.
Bg5 Qb6 16. b3 Nc6 17. Na4 Qb4 18. Rc2 Rb8 19. Qc1 Nxd4 20. Bd2 Nxe2 21. Bxe2
Qd4 22. Be3 Qb4 23. Bd2 Qd4 24. Be3 Qb4 25. Bd2 {source: bulletin} 1/2-1/2

[Event "Oakham Young Masters"]
[Site "Oakham"]
[Date "1984.04.13"]
[Round "6.1"]
[White "Gallagher, Joseph G"]
[Black "Murshed, Niaz"]
[Result "0-1"]
[WhiteElo "2260"]
[BlackElo "2410"]
[PlyCount "123"]
[EventDate "1984.04.08"]
[EventType "swiss"]
[EventRounds "9"]
[EventCountry "ENG"]
[SourceTitle "BritBase"]
[Source "John Saunders"]
[SourceDate "2023.08.08"]
[SourceVersion "1"]
[SourceVersionDate "2023.08.08"]
[SourceQuality "1"]

1. d4 Nf6 2. Nf3 e6 3. e3 b6 4. Bd3 Bb7 5. O-O Be7 6. Nbd2 d5 7. Ne5 O-O 8. Qe2
Ne4 9. f3 Nxd2 10. Bxd2 f6 11. Ng4 Nc6 12. f4 f5 13. Ne5 Nxe5 14. fxe5 a5 15.
Kh1 Qc8 16. Rac1 c5 17. Qf3 Ba6 18. Bxa6 Qxa6 19. c4 Rad8 20. b3 b5 21. cxb5
Qxb5 22. dxc5 Bxc5 23. Rfd1 Rc8 24. Qf1 Qb6 25. Qf4 Qb5 26. Qf1 Qxf1+ 27. Rxf1
Bb6 28. g3 Kf7 29. Kg2 Ke7 30. Kf3 Kd7 31. Ke2 Ra8 32. Kd3 Rfc8 33. Rxc8 Rxc8
34. a4 Rb8 35. Rb1 Bc7 36. Bc3 g5 37. Rb2 g4 38. Rb1 h5 39. Rb2 h4 40. Rb1 Kc6
41. Bd4 hxg3 42. hxg3 Rh8 43. Rc1+ Kb7 44. Rc2 Rh1 45. Rg2 Bb6 46. Bc3 Rd1+ 47.
Kc2 Rh1 48. Kd3 Ka6 49. Bd4 Bxd4 50. Kxd4 Kb6 51. Kd3 Rf1 52. Rh2 Rg1 53. Kd4
Rd1+ 54. Kc3 Kc5 55. Rh8 d4+ 56. exd4+ Kd5 57. Rd8+ Ke4 58. Re8 Rd3+ 59. Kc4
Rxd4+ 60. Kc3 Rd3+ 61. Kc4 Rxg3 62. Rxe6 {source: bulletin} 0-1

[Event "Oakham Young Masters"]
[Site "Oakham"]
[Date "1984.04.13"]
[Round "6.2"]
[White "Dlugy, Maxim"]
[Black "Georgiev, Kiril"]
[Result "1/2-1/2"]
[WhiteElo "2460"]
[BlackElo "2430"]
[PlyCount "24"]
[EventDate "1984.04.08"]
[EventType "swiss"]
[EventRounds "9"]
[EventCountry "ENG"]
[SourceTitle "BritBase"]
[Source "John Saunders"]
[SourceDate "2023.08.08"]
[SourceVersion "1"]
[SourceVersionDate "2023.08.08"]
[SourceQuality "1"]

1. d4 Nf6 2. c4 g6 3. Nc3 d5 4. cxd5 Nxd5 5. e4 Nxc3 6. bxc3 Bg7 7. Be3 c5 8.
Rc1 O-O 9. Nf3 Qa5 10. Qd2 Bg4 11. d5 Bxf3 12. gxf3 Nd7 {source: bulletin}
1/2-1/2

[Event "Oakham Young Masters"]
[Site "Oakham"]
[Date "1984.04.13"]
[Round "6.3"]
[White "Levitt, Jonathan P"]
[Black "Hawksworth, John C"]
[Result "1/2-1/2"]
[WhiteElo "2345"]
[BlackElo "2355"]
[PlyCount "39"]
[EventDate "1984.04.08"]
[EventType "swiss"]
[EventRounds "9"]
[EventCountry "ENG"]
[SourceTitle "BritBase"]
[Source "John Saunders"]
[SourceDate "2023.08.08"]
[SourceVersion "1"]
[SourceVersionDate "2023.08.08"]
[SourceQuality "1"]

1. d4 Nf6 2. c4 e6 3. Nc3 Bb4 4. e3 O-O 5. Nge2 d5 6. a3 Bd6 7. c5 Be7 8. b4 b6
9. Bb2 a5 10. Nf4 c6 11. Be2 Ba6 12. O-O Bxe2 13. Qxe2 Na6 14. Nd3 Nd7 15. Rfc1
bxc5 16. bxc5 e5 17. Na4 e4 18. Ne5 Nxe5 19. dxe5 Nc7 20. Rab1 {source:
bulletin} 1/2-1/2

[Event "Oakham Young Masters"]
[Site "Oakham"]
[Date "1984.04.13"]
[Round "6.4"]
[White "Gudmundsson, Elvar"]
[Black "King, Daniel John"]
[Result "0-1"]
[WhiteElo "2330"]
[BlackElo "2435"]
[PlyCount "64"]
[EventDate "1984.04.08"]
[EventType "swiss"]
[EventRounds "9"]
[EventCountry "ENG"]
[SourceTitle "BritBase"]
[Source "John Saunders"]
[SourceDate "2023.08.08"]
[SourceVersion "1"]
[SourceVersionDate "2023.08.08"]
[SourceQuality "1"]

1. d4 Nf6 2. c4 e6 3. Nf3 c5 4. e3 d5 5. Nc3 Nc6 6. a3 a6 7. dxc5 Bxc5 8. b4
Ba7 9. b5 axb5 10. Nxb5 Bb8 11. Bb2 O-O 12. Qc2 e5 13. cxd5 Nxd5 14. Bc4 Nb6
15. Bb3 Qf6 16. O-O Bf5 17. e4 Bg4 18. Ne1 Rc8 19. f3 Bd7 20. Qd3 Na5 21. f4
Nxb3 22. Qxb3 Nc4 23. Nc3 Nd2 24. Qd5 Ba7+ 25. Kh1 Nxf1 26. Qxd7 Qb6 27. Nf3
Qxb2 28. Ng5 Qxa1 29. h3 Ng3+ 30. Kh2 Rxc3 31. Qxf7+ Kh8 32. Qg8+ Kxg8 {
source: bulletin} 0-1

[Event "Oakham Young Masters"]
[Site "Oakham"]
[Date "1984.04.13"]
[Round "6.5"]
[White "Hodgson, Julian M"]
[Black "Horvath, Jozsef"]
[Result "1/2-1/2"]
[WhiteElo "2440"]
[BlackElo "2370"]
[PlyCount "72"]
[EventDate "1984.04.08"]
[EventType "swiss"]
[EventRounds "9"]
[EventCountry "ENG"]
[SourceTitle "BritBase"]
[Source "John Saunders"]
[SourceDate "2023.08.08"]
[SourceVersion "1"]
[SourceVersionDate "2023.08.08"]
[SourceQuality "1"]

1. e4 c5 2. f4 d5 3. exd5 Qxd5 4. Nc3 Qd6 5. Nf3 Nf6 6. d4 a6 7. Be3 cxd4 8.
Qxd4 Qxd4 9. Bxd4 Nc6 10. Bxf6 exf6 11. O-O-O Be6 12. Bd3 O-O-O 13. f5 Bd7 14.
Nd5 Bc5 15. a3 Rhe8 16. b4 Ba7 17. Rhe1 Ne5 18. Nxe5 Rxe5 19. Rxe5 fxe5 20. Be4
Kb8 21. Rd3 Bc6 22. Ne7 Rxd3 23. Nxc6+ bxc6 24. Bxd3 Kb7 25. Kd2 Bg1 26. h3 f6
27. Kc3 Kb6 28. Kc4 a5 29. c3 axb4 30. cxb4 Kc7 31. Be4 Kd6 32. Kb3 Kc7 33. Bd3
Bd4 34. a4 Kd6 35. Be4 Kc7 36. Kc4 Kd6 {source: bulletin} 1/2-1/2

[Event "Oakham Young Masters"]
[Site "Oakham"]
[Date "1984.04.13"]
[Round "6.6"]
[White "Kozul, Zdenko"]
[Black "Short, Nigel D"]
[Result "0-1"]
[WhiteElo "2405"]
[BlackElo "2500"]
[PlyCount "58"]
[EventDate "1984.04.08"]
[EventType "swiss"]
[EventRounds "9"]
[EventCountry "ENG"]
[SourceTitle "BritBase"]
[Source "John Saunders"]
[SourceDate "2023.08.08"]
[SourceVersion "1"]
[SourceVersionDate "2023.08.08"]
[SourceQuality "1"]

1. d4 Nf6 2. Bf4 c5 3. e3 Qb6 4. Nc3 d6 5. Rb1 g6 6. Nf3 Bg7 7. Be2 cxd4 8.
exd4 a6 9. O-O Qc7 10. Qd2 O-O 11. Bh6 b5 12. Bxg7 Kxg7 13. Rfe1 Bb7 14. Nh4
Nbd7 15. Bf3 e6 16. Re3 Rac8 17. Bxb7 Qxb7 18. Rbe1 b4 19. Nd1 a5 20. Rh3 Qb5
21. Nf3 h5 22. Rg3 Qc6 23. Qf4 Qxc2 24. Nh4 Qc1 25. Qf3 Qd2 26. Rf1 Qxd4 27.
Rh3 Ne5 28. Qe2 Rc1 29. Ne3 Rfc8 {source: bulletin} 0-1

[Event "Oakham Young Masters"]
[Site "Oakham"]
[Date "1984.04.13"]
[Round "6.7"]
[White "Cramling, Pia"]
[Black "Wells, Peter K"]
[Result "1/2-1/2"]
[WhiteElo "2405"]
[BlackElo "2320"]
[PlyCount "102"]
[EventDate "1984.04.08"]
[EventType "swiss"]
[EventRounds "9"]
[EventCountry "ENG"]
[SourceTitle "BritBase"]
[Source "John Saunders"]
[SourceDate "2023.08.08"]
[SourceVersion "1"]
[SourceVersionDate "2023.08.08"]
[SourceQuality "1"]

1. Nf3 d5 2. c4 e6 3. d4 c5 4. e3 Nf6 5. cxd5 exd5 6. Be2 Nc6 7. O-O cxd4 8.
Nxd4 Bd6 9. b3 Qe7 10. Nf3 Bg4 11. Bb2 a6 12. Nc3 Rd8 13. Re1 O-O 14. Rc1 Rfe8
15. Qc2 Bxf3 16. Bxf3 d4 17. Nb1 d3 18. Qd1 Ne5 19. Nd2 Bb4 20. Bc3 Rc8 21.
Bxe5 Qxe5 22. a3 Bd6 23. g3 b5 24. Bb7 Rxc1 25. Qxc1 Qe7 26. Bxa6 Bxa3 27. Qc6
Rb8 28. Bc8 Qd8 29. Bh3 Bb4 30. Rd1 Rb6 31. Qf3 h5 32. Ne4 d2 33. Nxf6+ Rxf6
34. Qxh5 Qd3 35. Bf1 Qxb3 36. Bxb5 g6 37. Qe2 Ba5 38. Bc4 Qc2 39. Bd3 Qc3 40.
Be4 Rb6 41. Qd3 Qc1 42. Bf3 Qb2 43. Qd8+ Kg7 44. Qd4+ Qxd4 45. exd4 Re6 46. Kg2
Re1 47. h4 f5 48. Kh3 Kf6 49. Kg2 Ke6 50. Kh3 Bc3 51. g4 fxg4+ {source:
bulletin} 1/2-1/2

[Event "Oakham Young Masters"]
[Site "Oakham"]
[Date "1984.04.13"]
[Round "6.10"]
[White "Hjorth, Greg"]
[Black "Thomson, Craig SM"]
[Result "1-0"]
[WhiteElo "2415"]
[BlackElo "2215"]
[PlyCount "67"]
[EventDate "1984.04.08"]
[EventType "swiss"]
[EventRounds "9"]
[EventCountry "ENG"]
[SourceTitle "BritBase"]
[Source "John Saunders"]
[SourceDate "2023.08.08"]
[SourceVersion "1"]
[SourceVersionDate "2023.08.08"]
[SourceQuality "1"]

1. e4 e6 2. Qe2 b6 3. Nf3 Bb7 4. g3 g6 5. Bg2 Bg7 6. O-O Ne7 7. d4 O-O 8. c4 d6
9. Nc3 Nd7 10. Be3 c6 11. Rfe1 h6 12. Rad1 Kh7 13. Bf4 Nc8 14. h4 Ba6 15. b4 c5
16. bxc5 bxc5 17. Nb5 cxd4 18. e5 Bxb5 19. cxb5 Qb6 20. Nxd4 dxe5 21. Bxa8 exf4
22. Nb3 Nf6 23. gxf4 Ne7 24. Bf3 Nf5 25. h5 gxh5 26. Rc1 Rg8 27. Kf1 Bf8 28.
Rc6 Qb8 29. Qe5 Qd8 30. Rd1 Nd7 31. Be4 Nxe5 32. Rxd8 Nxc6 33. bxc6 Bb4 34.
Bxf5+ {source: bulletin} 1-0

[Event "Oakham Young Masters"]
[Site "Oakham"]
[Date "1984.04.13"]
[Round "6.12"]
[White "Condie, Mark L"]
[Black "Klinger, Josef"]
[Result "0-1"]
[WhiteElo "2340"]
[BlackElo "2310"]
[PlyCount "70"]
[EventDate "1984.04.08"]
[EventType "swiss"]
[EventRounds "9"]
[EventCountry "ENG"]
[SourceTitle "BritBase"]
[Source "John Saunders"]
[SourceDate "2023.08.08"]
[SourceVersion "1"]
[SourceVersionDate "2023.08.08"]
[SourceQuality "1"]

1. e4 c5 2. Nf3 d6 3. Bb5+ Bd7 4. Bxd7+ Qxd7 5. c4 Nf6 6. d3 e6 7. Nc3 Be7 8.
Bg5 O-O 9. O-O Nc6 10. a3 a6 11. Rb1 Rab8 12. b4 cxb4 13. axb4 b5 14. cxb5 axb5
15. d4 Rfc8 16. Qd3 d5 17. Bxf6 Bxf6 18. exd5 exd5 19. Rfe1 Be7 20. Ne5 Nxe5
21. Rxe5 Bf6 22. Rh5 g6 23. Nxd5 Bg7 24. Qg3 Qe6 25. Re5 Bxe5 26. Qxe5 Qxe5 27.
dxe5 Rc2 28. Rd1 Rd8 29. g3 Kg7 30. Rd3 Re2 31. Nf4 Rxd3 32. Nxd3 Re4 33. Kf1
g5 34. h3 h5 35. f3 Re3 {source: bulletin} 0-1

[Event "Oakham Young Masters"]
[Site "Oakham"]
[Date "1984.04.13"]
[Round "6.13"]
[White "Gil Gonzalez, Jose Manuel"]
[Black "Staniszewski, Piotr"]
[Result "0-1"]
[WhiteElo "2300"]
[BlackElo "2405"]
[PlyCount "72"]
[EventDate "1984.04.08"]
[EventType "swiss"]
[EventRounds "9"]
[EventCountry "ENG"]
[SourceTitle "BritBase"]
[Source "John Saunders"]
[SourceDate "2023.08.08"]
[SourceVersion "1"]
[SourceVersionDate "2023.08.08"]
[SourceQuality "1"]

1. d4 Nf6 2. c4 e6 3. Nf3 a6 4. Nc3 c5 5. e3 d5 6. Bd3 dxc4 7. Bxc4 b5 8. Bb3
Bb7 9. O-O Be7 10. Qe2 O-O 11. Rd1 Qc7 12. Bc2 Nc6 13. a4 cxd4 14. exd4 Nb4 15.
Bb1 bxa4 16. Bg5 Rfd8 17. Ne5 Rac8 18. Rxa4 Nbd5 19. Nxd5 Bxd5 20. Rxa6 Qb7 21.
Bd3 Bxg2 22. f3 Bh3 23. Bb5 Nd5 24. Bd2 Nc7 25. Ra5 Nxb5 26. Rxb5 Qa6 27. Rc1
Rxc1+ 28. Bxc1 Rc8 29. Bd2 Bh4 30. Rc5 Qa1+ 31. Qe1 Qxe1+ 32. Bxe1 Rxc5 33.
dxc5 Bxe1 34. c6 Ba5 35. b4 Bb6+ 36. Kh1 Bf1 {source: bulletin} 0-1

[Event "Oakham Young Masters"]
[Site "Oakham"]
[Date "1984.04.13"]
[Round "6.14"]
[White "Howell, James C"]
[Black "Ostenstad, Berge"]
[Result "0-1"]
[WhiteElo "2320"]
[BlackElo "2310"]
[PlyCount "80"]
[EventDate "1984.04.08"]
[EventType "swiss"]
[EventRounds "9"]
[EventCountry "ENG"]
[SourceTitle "BritBase"]
[Source "John Saunders"]
[SourceDate "2023.08.08"]
[SourceVersion "1"]
[SourceVersionDate "2023.08.08"]
[SourceQuality "1"]

1. e4 d5 2. exd5 Nf6 3. c4 c6 4. d4 cxd5 5. Nc3 g6 6. Qb3 Bg7 7. cxd5 O-O 8.
Be2 Nbd7 9. Bf3 Nb6 10. a4 e6 11. dxe6 Bxe6 12. Qd1 Nfd5 13. Nge2 Nxc3 14. bxc3
Bd5 15. Bxd5 Qxd5 16. O-O Qc4 17. a5 Nd5 18. Ra4 Qa6 19. Qb3 Nf6 20. c4 Rfe8
21. Nf4 Ne4 22. Be3 Rac8 23. Nd5 Nd6 24. Rc1 Nf5 25. Qd3 b5 26. Rb4 bxc4 27.
Rbxc4 Rxc4 28. Qxc4 Qxa5 29. h3 Rd8 30. Nb4 Nxd4 31. Kh1 h5 32. Rd1 Qa4 33. Rd3
a5 34. Qc7 Qa1+ 35. Bc1 Re8 36. Re3 Rxe3 37. fxe3 axb4 38. exd4 Bh6 39. Kh2
Qxc1 40. Qb8+ Kh7 {source: bulletin} 0-1

[Event "Oakham Young Masters"]
[Site "Oakham"]
[Date "1984.04.13"]
[Round "6.15"]
[White "Lane, Gary William"]
[Black "Hofmann, Michael"]
[Result "1-0"]
[WhiteElo "2310"]
[BlackElo "2230"]
[PlyCount "45"]
[EventDate "1984.04.08"]
[EventType "swiss"]
[EventRounds "9"]
[EventCountry "ENG"]
[SourceTitle "BritBase"]
[Source "John Saunders"]
[SourceDate "2023.08.08"]
[SourceVersion "1"]
[SourceVersionDate "2023.08.08"]
[SourceQuality "1"]

1. e4 e6 2. d4 d5 3. Nd2 Nf6 4. e5 Nfd7 5. f4 c5 6. c3 Nc6 7. Ndf3 cxd4 8. cxd4
Qb6 9. g3 Bb4+ 10. Kf2 g5 11. Be3 f6 12. Bh3 Rf8 13. Ne2 h5 14. Bxe6 fxe5 15.
Nxg5 exd4 16. Nxd4 Bc5 17. Bxd7+ Bxd7 18. Qxh5+ Ke7 19. Rae1 Ne5 20. Qh7+ Kd8
21. Nde6+ Kc8 22. Bxc5 Qxb2+ 23. Re2 {source: bulletin} 1-0

[Event "Oakham Young Masters"]
[Site "Oakham"]
[Date "1984.04.13"]
[Round "6.16"]
[White "Ebeling, Mika"]
[Black "Luce, Sebastien"]
[Result "1/2-1/2"]
[WhiteElo "2295"]
[BlackElo "2330"]
[PlyCount "47"]
[EventDate "1984.04.08"]
[EventType "swiss"]
[EventRounds "9"]
[EventCountry "ENG"]
[SourceTitle "BritBase"]
[Source "John Saunders"]
[SourceDate "2023.08.08"]
[SourceVersion "1"]
[SourceVersionDate "2023.08.08"]
[SourceQuality "1"]

1. e4 e6 2. d4 d5 3. Nc3 Bb4 4. e5 c5 5. a3 Bxc3+ 6. bxc3 Ne7 7. a4 Nbc6 8. Nf3
Bd7 9. Bb5 Qa5 10. O-O f6 11. exf6 gxf6 12. Ba3 c4 13. Qd2 Nf5 14. Rfe1 Qc7 15.
Bxc6 Qxc6 16. Qf4 O-O-O 17. Nh4 Qc7 18. Qxc7+ Kxc7 19. Nxf5 exf5 20. Be7 Rde8
21. a5 Rhg8 22. Bxf6 Rxe1+ 23. Rxe1 b6 24. Be5+ {source: bulletin} 1/2-1/2

[Event "Oakham Young Masters"]
[Site "Oakham"]
[Date "1984.04.13"]
[Round "6.18"]
[White "Needham, Teresa M"]
[Black "Conquest, Stuart C"]
[Result "0-1"]
[WhiteElo "2100"]
[BlackElo "2260"]
[PlyCount "126"]
[EventDate "1984.04.08"]
[EventType "swiss"]
[EventRounds "9"]
[EventCountry "ENG"]
[SourceTitle "BritBase"]
[Source "John Saunders"]
[SourceDate "2023.08.08"]
[SourceVersion "1"]
[SourceVersionDate "2023.08.08"]
[SourceQuality "1"]

1. e4 c5 2. Nf3 d6 3. d4 cxd4 4. Nxd4 Nf6 5. Nc3 g6 6. Be2 Bg7 7. O-O O-O 8.
Be3 Nc6 9. h3 Bd7 10. Nb3 Na5 11. f4 Nxb3 12. axb3 Qc7 13. Bf3 Bc6 14. Qe1 e5
15. Qg3 Kh8 16. Rad1 Rad8 17. Qh4 exf4 18. Bxf4 Ng8 19. Be2 b5 20. Qg3 Be5 21.
Kh2 a6 22. Rd2 Rfe8 23. Bxe5+ Rxe5 24. Rfd1 f6 25. Rd4 Nh6 26. Qf4 Kg7 27. Na2
Nf7 28. Nb4 Bb7 29. Nd3 Ree8 30. c4 Ng5 31. Bg4 Rxe4 32. Rxe4 Nxe4 33. cxb5
axb5 34. Rc1 Qe7 35. Bf3 Ng5 36. Bg4 h5 37. Re1 Qf7 38. Bd1 Rd7 39. h4 Qd5 40.
Qg3 Ne4 41. Qh3 Rc7 42. Qf3 Kh7 43. Re3 Qe6 44. Qf4 f5 45. Kg1 Rc8 46. Re1 Qf6
47. Bf3 Qd4+ 48. Re3 Kg7 49. Kh2 Rc2 50. Bxh5 Qf6 51. Re2 Rc8 52. Bf3 Rh8 53.
h5 g5 54. Qc1 Rc8 55. Rc2 Rxc2 56. Qxc2 g4 57. Qc7+ Kh6 58. Bxe4 Bxe4 59. Nf4
Qh4+ 60. Nh3 gxh3 61. Qxd6+ Kxh5 62. g3 Qg4 63. Qd2 Qf3 {source: bulletin} 0-1

[Event "Oakham Young Masters"]
[Site "Oakham"]
[Date "1984.04.13"]
[Round "6.19"]
[White "Bradbury, Neil H"]
[Black "Lalic, Susan Kathryn"]
[Result "1-0"]
[WhiteElo "2395"]
[BlackElo "1900"]
[PlyCount "61"]
[EventDate "1984.04.08"]
[EventType "swiss"]
[EventRounds "9"]
[EventCountry "ENG"]
[SourceTitle "BritBase"]
[Source "John Saunders"]
[SourceDate "2023.08.08"]
[SourceVersion "1"]
[SourceVersionDate "2023.08.08"]
[SourceQuality "1"]

1. d4 e6 2. Nf3 d5 3. c4 Nf6 4. Nc3 Be7 5. Bg5 O-O 6. e3 Nbd7 7. Bd3 c6 8. O-O
Re8 9. Qe2 b6 10. Rac1 Bb7 11. Rfd1 Rc8 12. cxd5 Nxd5 13. Bf4 Nxf4 14. exf4 c5
15. dxc5 Rxc5 16. Ne5 Nxe5 17. Bxh7+ Kxh7 18. Rxd8 Rxd8 19. fxe5 b5 20. Rd1
Rxd1+ 21. Qxd1 b4 22. Ne2 Rxe5 23. Ng3 g6 24. h3 Rd5 25. Qa4 Bd6 26. Qxa7 Rd1+
27. Kh2 Bd5 28. Qxf7+ Kh6 29. h4 Rd4 30. Qf6 Bxg3+ 31. fxg3 {source: bulletin}
1-0

[Event "Oakham Young Masters"]
[Site "Oakham"]
[Date "1984.04.14"]
[Round "7.1"]
[White "Murshed, Niaz"]
[Black "King, Daniel John"]
[Result "1-0"]
[WhiteElo "2410"]
[BlackElo "2435"]
[PlyCount "55"]
[EventDate "1984.04.08"]
[EventType "swiss"]
[EventRounds "9"]
[EventCountry "ENG"]
[SourceTitle "BritBase"]
[Source "John Saunders"]
[SourceDate "2023.08.08"]
[SourceVersion "1"]
[SourceVersionDate "2023.08.08"]
[SourceQuality "1"]

1. d4 Nf6 2. c4 e6 3. Nf3 c5 4. e3 d5 5. Nc3 a6 6. cxd5 exd5 7. Be2 Nc6 8. O-O
Bd6 9. dxc5 Bxc5 10. b3 O-O 11. Bb2 Ba7 12. Rc1 Qd6 13. Na4 Ne4 14. Nd4 Bd7 15.
Bf3 Ne5 16. Nc3 Bxd4 17. Bxe4 Ng4 18. g3 Qh6 19. h4 Nxf2 20. Qxd4 Nxe4 21. Nxe4
dxe4 22. Qxd7 Qxe3+ 23. Rf2 Qxg3+ 24. Rg2 Qe3+ 25. Kh1 g6 26. Qf5 Rfe8 27. Qf6
Qh3+ 28. Kg1 {source: bulletin} 1-0

[Event "Oakham Young Masters"]
[Site "Oakham"]
[Date "1984.04.14"]
[Round "7.2"]
[White "Georgiev, Kiril"]
[Black "Levitt, Jonathan P"]
[Result "1/2-1/2"]
[WhiteElo "2430"]
[BlackElo "2345"]
[PlyCount "37"]
[EventDate "1984.04.08"]
[EventType "swiss"]
[EventRounds "9"]
[EventCountry "ENG"]
[SourceTitle "BritBase"]
[Source "John Saunders"]
[SourceDate "2023.08.08"]
[SourceVersion "1"]
[SourceVersionDate "2023.08.08"]
[SourceQuality "1"]

1. d4 Nf6 2. c4 e6 3. Nc3 Bb4 4. e3 c5 5. Nge2 cxd4 6. exd4 O-O 7. a3 Be7 8. d5
exd5 9. cxd5 Re8 10. d6 Bf8 11. g3 Re6 12. Bg2 Rxd6 13. Qc2 Re6 14. O-O Nc6 15.
b4 d6 16. b5 Na5 17. Nd4 Re5 18. Bf4 Rc5 19. Qd3 {source: bulletin} 1/2-1/2

[Event "Oakham Young Masters"]
[Site "Oakham"]
[Date "1984.04.14"]
[Round "7.3"]
[White "Stohl, Igor"]
[Black "Gallagher, Joseph G"]
[Result "1/2-1/2"]
[WhiteElo "2405"]
[BlackElo "2260"]
[PlyCount "27"]
[EventDate "1984.04.08"]
[EventType "swiss"]
[EventRounds "9"]
[EventCountry "ENG"]
[SourceTitle "BritBase"]
[Source "John Saunders"]
[SourceDate "2023.08.08"]
[SourceVersion "1"]
[SourceVersionDate "2023.08.08"]
[SourceQuality "1"]

1. c4 Nf6 2. Nc3 e6 3. Nf3 d5 4. d4 Be7 5. Bg5 O-O 6. e3 Nbd7 7. Qc2 c6 8. Rd1
b6 9. Bd3 Bb7 10. O-O dxc4 11. Bxc4 Nd5 12. Bf4 Nxf4 13. exf4 Qc7 14. f5 {
source: bulletin} 1/2-1/2

[Event "Oakham Young Masters"]
[Site "Oakham"]
[Date "1984.04.14"]
[Round "7.4"]
[White "Short, Nigel D"]
[Black "Hawksworth, John C"]
[Result "1/2-1/2"]
[WhiteElo "2500"]
[BlackElo "2355"]
[PlyCount "108"]
[EventDate "1984.04.08"]
[EventType "swiss"]
[EventRounds "9"]
[EventCountry "ENG"]
[SourceTitle "BritBase"]
[Source "John Saunders"]
[SourceDate "2023.08.08"]
[SourceVersion "1"]
[SourceVersionDate "2023.08.08"]
[SourceQuality "1"]

1. e4 e5 2. Nf3 Nc6 3. Bb5 a6 4. Ba4 Nf6 5. O-O Nxe4 6. d4 b5 7. Bb3 d5 8. dxe5
Be6 9. Be3 Be7 10. c3 O-O 11. Re1 Nc5 12. Bc2 Bg4 13. Nbd2 Ne6 14. Qb1 g6 15.
h3 Bxf3 16. Nxf3 Qd7 17. h4 Rfe8 18. a4 Bf8 19. axb5 axb5 20. Rxa8 Rxa8 21. Qd1
Bg7 22. Bc1 Ra1 23. Qd2 Na5 24. b3 Ra2 25. Qd3 Ra1 26. Bd2 Rxe1+ 27. Bxe1 Nf4
28. Qf1 Qg4 29. Nh2 Qd7 30. g3 Ne6 31. f4 c5 32. Nf3 c4 33. bxc4 Nxc4 34. Qd3
Qc6 35. h5 Nc5 36. Qe2 Ne4 37. Nd4 Qb7 38. Kh2 Bf8 39. e6 fxe6 40. Nxe6 Qe7 41.
Nd4 Bg7 42. Nxb5 Qc5 43. Nd4 Bxd4 44. cxd4 Qxd4 45. Qg4 Qb2 46. Qe6+ Kg7 47.
Kh3 Qxc2 48. Qe7+ Kg8 49. h6 Ng5+ 50. fxg5 Qf5+ 51. Kh2 Qe5 52. Qd8+ Kf7 53.
Qd7+ Kg8 54. Bf2 Nd2 {source: bulletin} 1/2-1/2